| 000 | 01097nam a2200181Ia 4500 | ||
|---|---|---|---|
| 008 | 100920s9999 xx 000 0 und d | ||
| 082 |
_b69940 _a32 थ 94 |
||
| 100 | _aजोशी गजानन नारायण. | ||
| 245 | _aभारतीय तत्वज्ञानाचा बृहद्र इतिहास खंड 3 चार दर्शने (सांख्य,न्याय,वैशेषिक,जैन). | ||
| 260 |
_bशुभदा-सारस्वत प्रकाशन ,पुणे. _c1994 |
||
| 300 |
_a465 _bसाधी |
||
| 365 | _b360 | ||
| 520 | _aकोश. | ||
| 630 | _aभारतीय तत्वज्ञानाचा बृहद्र इतिहास खंड 3 चार दर्शने (सांख्य,न्याय,वैशेषिक,जैन). | ||
| 650 | _aकोश. | ||
| 730 | _aभारतीय तत्वज्ञानाचा बृहद्र इतिहास खंड 3 चार दर्शने (सांख्य,न्याय,वैशेषिक,जैन). | ||
| 942 | _cBOOK | ||
| 999 |
_c712036 _d712033 |
||